000 00388 a2200157 4500
003 Nust
005 20170207171856.0
040 _cNust
082 _a005.1
100 _aShoaib, Muhammad BESE-18
245 _aInformation Management System
_cMuhammad Shoaib, Usman Rajput
260 _aMCS, NUST
_bRawalpindi
_cMay 2016
300 _axii, 60 p
650 _aUG Projects
651 _aUG CSE Project
942 _cPRG
999 _c219406
_d219406